| 000 | 01117nac a22004450a 4500 | ||
|---|---|---|---|
| 001 | PT54351 | ||
| 003 | AR-LpoUNG | ||
| 005 | 20210201005529.0 | ||
| 008 | 201001s1995||||sp |||||||||||||||||spa d | ||
| 020 |
_a8441301212 _c$28 |
||
| 040 |
_aAR-LpoUNG _bspa _eaacr |
||
| 041 | _aspa | ||
| 044 | _asp | ||
| 082 | 0 | _aR909 794ori-v2 | |
| 100 | 1 | _aSimons, Gerald | |
| 245 | 1 | 0 |
_aOrígenes de Europa : _blos comienzos de la Edad Media |
| 260 |
_aBarcelona : _bFolio, _c1995. |
||
| 300 |
_a[93] p. : _bil., mapas, gráfs., fot. _3Impreso |
||
| 490 | 0 | _aAtlas culturales del mundo | |
| 650 | 4 | _aANALISIS HISTORICO | |
| 650 | 4 | _aARTE | |
| 650 | 4 | _aATLAS | |
| 650 | 4 | _aCIVILIZACION | |
| 650 | 4 | _aCULTURA | |
| 650 | 4 | _aEDAD MEDIA | |
| 650 | 4 | _aESCANDINAVIA | |
| 650 | 4 | _aEUROPA | |
| 650 | 4 | _aFACTORES CULTURALES | |
| 650 | 4 | _aHISTORIA | |
| 650 | 4 | _aHISTORIA POLITICA | |
| 650 | 4 | _aMATERIAL DE REFERENCIA | |
| 650 | 4 | _aRELIGION | |
| 650 | 4 | _aSOCIEDAD | |
| 651 | 4 | _aMundial | |
| 653 | _aFEUDALISMO | ||
| 653 | _aVIKINGOS | ||
| 700 | 1 | _aKrieger, Leonard | |
| 905 | _a54351 | ||
| 942 | _cLSALA | ||
| 999 |
_c50087 _d50087 |
||